Google search and tools in a snap / (Record no. 47419)

MARC details
000 -LEADER
fixed length control field 00959cam a22003257a 4500
001 - CONTROL NUMBER
control field 14129762
005 - DATE AND TIME OF LATEST TRANSACTION
control field 20161123133116.0
008 - FIXED-LENGTH DATA ELEMENTS--GENERAL INFORMATION
fixed length control field 050930s2006 inua 001 0 eng d
010 ## - LIBRARY OF CONGRESS CONTROL NUMBER
LC control number 2005934934
020 ## - INTERNATIONAL STANDARD BOOK NUMBER
International Standard Book Number 0672328690
020 ## - INTERNATIONAL STANDARD BOOK NUMBER
International Standard Book Number 9780672328695
035 ## - SYSTEM CONTROL NUMBER
System control number (OCoLC)ocm67106994
040 ## - CATALOGING SOURCE
Original cataloging agency TEF
Transcribing agency TEF
Modifying agency BAKER
-- DLC
042 ## - AUTHENTICATION CODE
Authentication code lccopycat
050 00 - LIBRARY OF CONGRESS CALL NUMBER
Classification number TK5105.88.G66
Item number G73 2006
082 04 - DEWEY DECIMAL CLASSIFICATION NUMBER
Classification number 025.04
Edition number 22
630 00 - SUBJECT ADDED ENTRY--UNIFORM TITLE
Uniform title Google.
100 1# - MAIN ENTRY--PERSONAL NAME
Personal name Gralla, Preston.
245 10 - TITLE STATEMENT
Title Google search and tools in a snap /
Statement of responsibility, etc Preston Gralla.
260 ## - PUBLICATION, DISTRIBUTION, ETC. (IMPRINT)
Place of publication, distribution, etc Indianapolis, Ind. :
Name of publisher, distributor, etc Sams,
Date of publication, distribution, etc c2006.
300 ## - PHYSICAL DESCRIPTION
Extent iv, 353 p. :
Other physical details ill. ;
Dimensions 23 cm.
440 #0 - SERIES STATEMENT/ADDED ENTRY--TITLE
Title Sams teach yourself
440 #0 - SERIES STATEMENT/ADDED ENTRY--TITLE
Title In a snap
500 ## - GENERAL NOTE
General note Includes index.
650 #0 - SUBJECT ADDED ENTRY--TOPICAL TERM
Topical term or geographic name as entry element Web search engines.
906 ## - LOCAL DATA ELEMENT F, LDF (RLIN)
a 7
b cbc
c copycat
d 2
e ncip
f 20
g y-gencatlg
942 ## - ADDED ENTRY ELEMENTS (KOHA)
Source of classification or shelving scheme Library of Congress Classification
Item type Book
Holdings
Withdrawn status Lost status Source of classification or shelving scheme Damaged status Not for loan Collection code Home library Current library Shelving location Date acquired Source of acquisition Serial Enumeration / chronology Full call number Barcode Copy number Price effective from Koha item type
    Library of Congress Classification     Non-fiction Nairobi Campus Nairobi Campus General Circulation 23/11/2016 Donation 500 TK5105.88.G66 G73 2006 048646 1 23/11/2016 Book